Political parties,pressure groups and social movement / (Record no. 101129)

MARC details
000 -LEADER
fixed length control field 00630nam a22001937a 4500
005 - DATE AND TIME OF LATEST TRANSACTION
control field 20160704172651.0
010 ## - LCCN (DPL NO)
LC control number ENG-115363
020 ## - INTERNATIONAL STANDARD BOOK NUMBER
International Standard Book Number 9788178441894
Terms of availability 1495.00
035 ## - SYSTEM CONTROL NUMBER
System control number EN-98895
037 ## - SOURCE OF ACQUISITION
Source of stock number/acquisition DBAD/PUB
082 ## - DEWEY DECIMAL CLASSIFICATION NUMBER
Classification number 324.23
100 ## - MAIN ENTRY--PERSONAL NAME
Personal name Ram Ayodhya Singh
245 ## - TITLE STATEMENT
Title Political parties,pressure groups and social movement /
Statement of responsibility, etc by Ram Ayodhya Singh
260 ## - PUBLICATION, DISTRIBUTION, ETC. (IMPRINT)
Place of publication, distribution, etc New Delhi
Name of publisher, distributor, etc K.K. Publications
Date of publication, distribution, etc 2014
270 ## - ADDRESS
Address 4806/24,Bharat Ram Road,Daryaganj
City New Delhi
Postal code 110002
300 ## - PHYSICAL DESCRIPTION
Extent vii,296p.
Dimensions 22cm(Hb)
500 ## - GENERAL NOTE
General note Includes bibliographical references and index
942 ## - ADDED ENTRY ELEMENTS (KOHA)
Source of classification or shelving scheme Dewey Decimal Classification
Item type English Books
Call number suffix RAM
Classification part 324.23
Holdings
Withdrawn status Lost status Not for loan Collection code Home library Current library Date acquired Source of acquisition Cost, normal purchase price Full call number Barcode Copy number Cost, replacement price Koha item type
    Not For Loan Non-fiction D.B.Act.Division Bawana 04/07/2016 DBAD/PUB 1495.00 324.23 RAM EN-98895 1 1495.00 English Books

© Delhi Public Library
Hit Counter
free hit counter